Statistics for Taylor Swift Songs Starting with L

Click here to take the quiz!

General Stats

  • This quiz has been taken 302 times
  • The average score is 8 of 13

Answer Stats

song% Correct
Lover
91%
Long Live
76%
Love Story (Taylor's Version)
74%
Last Kiss
72%
Lavender Haze
58%
the last great american dynasty
58%
Look What You Made Me Do
57%
the lakes - bonus track
57%
The Last Time (feat. Gary Lightbody) (Taylor's Version)
57%
Labyrinth
56%
long story short
52%
London Boy
51%
The Lucky One (Taylor's Version)
45%

Score Distribution

Percentile by Number Answered

Percent of People with Each Score

Your Score History

You have not taken this quiz